000 00494nam a2200205Ia 4500
001 13870
003 GE_BSU
008 181216s||||||||xx |||||||||||||| ||und||
040 _cGE_BSU
080 _a502
100 _adigest,Reader's.
245 _aOur magnificent wildlife.
245 _bHow to enjoy and preserve it.
260 _aNew York.
260 _c1975
300 _a336p;28cm.
300 _bill.
653 _aOur magnificent wildlife.How to enjoy and preserve it.
942 _cBK
999 _c47014
_d47014